Missing Word: All About Television Quiz Stats

Quiz Updated Apr 1, 2015

Challenge
Share
Tweet
Embed
Score 0/28 Timer 05:00
0 Plays Today
Hint Missing Word % Correct
Six ____ UnderFeet
97.2%
The Fresh ____ of Bel-AirPrince
97%
Downton ____Abbey
96.4%
Buffy the Vampire ____Slayer
96.3%
HDTV: high-____ televisiondefinition
96%
ABC: ____ Broadcasting CompanyAmerican/Australian
94.8%
____ Globe AwardsGolden
94.4%
____ of the HillKing
94.1%
Gilligan's ____Island
93.2%
____ Up With the KardashiansKeeping
92.8%
America's ____ Home VideosFunniest
92.1%
'I'll Be ____ For You'There
91.7%
NBC: ____ Broadcasting CompanyNational
90.6%
Law & Order: ____ Victims UnitSpecial
90.5%
Hint Missing Word % Correct
The _ FactorX
90.2%
James T. ____ (Star Trek)Kirk
81.7%
The Colbert _____Report
81.4%
ESPN: ____ and Sports Programming NetworkEntertainment
79.4%
'Oh, my God! They killed ____!'Kenny
75.7%
BBC: British Broadcasting ____Corporation
73.7%
Fawlty ____Towers
72.3%
VHS: Video ____ ServiceHome
67.3%
Stewie ____ (Family Guy)Griffin
66.4%
LCD: liquid-crystal ____display
61.4%
Dr. ____ HouseGregory
49.8%
____ Pinkman (Breaking Bad)Jesse
46.6%
Tyrion ____ (Game of Thrones)Lannister
46.3%
Coronation ____Street
43.4%

Today's Daily Dose

You're not logged in!

Compare scores with friends on all Sporcle quizzes.
Sign Up with Email
OR
Log In

You Might Also Like...

Show Comments

Extras

Top Quizzes Today


Score Distribution

Your Account Isn't Verified!

In order to create a playlist on Sporcle, you need to verify the email address you used during registration. Go to your Sporcle Settings to finish the process.